Second language acquisition / (رقم التسجيلة. 39950)

تفاصيل مارك
000 -الفاتح
حقل البيانات ثابتة الطول 00825nam a2200253Ia 4500
001 - رقم الضبط
رقم الضبط 37303510
003 - محدد رقم الضبط
رقم الضبط OSt
005 - وقت وتاريخ اخر تعامل مع التسجيلة
رقم الضبط 20161205102621.0
008 - عناصر البيانات ثابتة الطول - معلومات عامة
حقل البيانات ثابتة الطول 970716s1997 enk b 000 0 eng d
020 ## - الرقم الدولى المعيارى للكتب
الرقم الدولى المعيارى للكتاب 019437212X
020 ## - الرقم الدولى المعيارى للكتب
الرقم الدولى المعيارى للكتاب 9780194372121
040 ## - مصدر الفهرسة
وكالة الفهرسة الأصلية AZS
وكالة النسخ AZS
وكالة التعديل CIN
082 ## - رقم تصنيف ديوى العشرى
رقم الطبعة 22
رقم التصنيف 418.007
رقم المادة ERS
100 1# - المدخل الرئيسى - إسم شخصى
الإسم الشخصى Ellis, Rod
9 (RLIN) 57128
245 10 - بيان العنوان
العنوان Second language acquisition /
بيان المسئوليه,etc Rod Ellis
260 ## - PUBLICATION, DISTRIBUTION, ETC. (IMPRINT)
مكان الناشر او الموزع Oxford ;
-- New York :
اسم الناشر او الموزع Oxford University Press,
تاريخ النشر أو التوزيع 1997
300 ## - الوصف المادى
التعداد x, 147 p. ;
أبعاد الوعاء 20 cm
490 1# - بيان السلسلة
عنوان السلسلة Oxford introductions to language study
504 ## - تبصرة ببليوجرافية
تبصرة ببليوجرافية,الخ Includes bibliographical references (p. 123-135) and index
650 #0 - المدخل الاضافى بالموضوع-مصطلح موضوعى
مصطلح موضوعي أو اسم جغرافي كعنصر مدخل Second language acquisition
9 (RLIN) 57129
650 #0 - المدخل الاضافى بالموضوع-مصطلح موضوعى
مصطلح موضوعي أو اسم جغرافي كعنصر مدخل Language and languages
التقسيم الفرعي العام Study and teaching
9 (RLIN) 57130
830 #0 - المدخل الاضافى بالسلسلة -عنوان موحد
عنوان موحد Oxford introductions to language study
9 (RLIN) 46072
942 ## - عناصر المدخل الإضافي( كوها)
مصدر التصنيف او مخطط الترفيف Dewey Decimal Classification
Koha [default] item type كتاب
المقتنيات
حالة الفقد نموذج السعر الفعال حالة تلف ليس للاعارة رقم الطلب تاريخ الاكتساب الموقع الحالي الباركود الفرع الرئيسي Date last checked out Date last seen نوع المادة فى نظام كوها مصدر التصنيف او خطة الترفيف Total Checkouts
  2016-12-16     418.007 ERS 2016-12-16 المكتبة المركزية بالمجمعة (CL) 00655340 المكتبة المركزية بالمجمعة (CL) 2023-11-14 2025-08-27 كتاب Dewey Decimal Classification 1
  2016-12-17     418.007 ERS 2016-12-17 المكتبة المركزية بالمجمعة (CL) 00655539 المكتبة المركزية بالمجمعة (CL) 2019-09-04 2019-09-30 كتاب Dewey Decimal Classification 1
  2020-12-02     418.007 ERS 2020-12-02 المكتبة المركزية بالمجمعة (CL) 00655339 المكتبة المركزية بالمجمعة (CL)   2020-12-02 كتاب Dewey Decimal Classification  
  2016-12-17     418.007 ERS 2016-12-17 مكتبة كلية التمريض - طلاب (CNM) 00655540 مكتبة كلية التمريض - طلاب (CNM)   2016-12-17 كتاب Dewey Decimal Classification  
  2016-12-16     418.007 ERS 2016-12-16 مكتبة كلية العلوم و الدراسات الإنسانية برماح - طالبات (SRF) 00655341 مكتبة كلية العلوم و الدراسات الإنسانية برماح - طالبات (SRF) 2022-12-21 2023-03-23 كتاب Dewey Decimal Classification 3